|
|
|
|
| LEADER |
01102nam a22002297a 4500 |
| 001 |
AAL8288 |
| 003 |
BD-DhAAL |
| 005 |
20160225151044.0 |
| 008 |
160225s 2015bg ||||| |||| 00| 0 ben d |
| 040 |
|
|
|a BD-DhAAL
|c BD-DhAAL
|
| 082 |
|
|
|2 22
|a 891.4437
|
| 100 |
|
|
|a বন্দ্যোপাধ্যায়, বিভূতিভূষণ
|9 18203
|
| 245 |
|
|
|a আরণ্যক /
|c বিভূতিভূষণ বন্দ্যোপাধ্যায়
|
| 260 |
|
|
|a ঢাকা :
|b মাটিগন্ধা,
|c ২০১৫
|
| 300 |
|
|
|a ১৭৪ পৃ. :
|b চিত্র ;
|c ২২ সে.মি.
|
| 541 |
|
|
|e 8288
|
| 650 |
|
|
|a Bengali fiction
|9 18204
|
| 852 |
|
|
|a Savar Campus Library
|c General Shelf
|
| 942 |
|
|
|2 ddc
|c BK
|
| 999 |
|
|
|c 36937
|d 36937
|
| 952 |
|
|
|0 0
|1 0
|2 ddc
|4 0
|6 891_443700000000000_BON
|7 0
|9 58175
|a SCL
|b SCL
|c GEN
|d 2016-02-25
|g 132.00
|l 23
|m 63
|o 891.4437 BON
|p 3020008288
|r 2025-03-10
|s 2025-03-03
|t 1
|w 2016-02-25
|y BK
|
| 952 |
|
|
|0 0
|1 0
|2 ddc
|4 0
|6 891_443700000000000_BON
|7 0
|9 58176
|a SCL
|b SCL
|c GEN
|d 2016-02-25
|g 132.00
|l 21
|m 62
|o 891.4437 BON
|p 3020008287
|r 2026-02-28
|s 2026-02-18
|t 2
|w 2016-02-25
|y BK
|